000 00753nam a22001817a 4500
005 20251108175006.0
008 250721s9999 xx 000 0 ara d
082 1 4 _aم/361.6/تقر
245 1 0 _aالسياسة الاجتماعية المتكاملة :رؤى واستراتيجيات في منطقة الإسكوا التقرير الثالث /
246 1 1 _aاللجنة الاقتصادية والاجتماعية لغربي آسيا
264 1 _aلبنان :
_bاللجنة الاقتصادية والاجتماعية الاسكوا،
300 _a67ص.
650 1 7 _aعلم الاجتماع
650 1 7 _aالتنمية الاجتماعية والاقتصادية
650 1 7 _aالاقتصاد
942 _2ddc
_cREF
999 _c123402
_d123402